000
00355nam a2200133Ia 4500
008
151001s9999||||xx |||||||||||||| ||und||
100
_a
Waldo Trine Ralph
245
_a
In Tune with the infinite
250
_a
1
260
_b
g.bell & sons
260
_c
1937
300
_a
226
365
_b
7
999
_c
949766
_d
949763